000 00588cam a22002051 4500
001 sa 67007869
003 DLC
005 20260227112419.0
008 970710s1959 io 000 0 ind
010 _asa 67007869
035 _a(OCoLC)37271881
040 _aDLC
_cWU
_dDLC
042 _apremarc
050 0 0 _aUA853.I5
_bN35
100 1 _aNasution, Kaharudin.
245 1 0 _aWadjib bela negeri:
_bkumpulan pidato-pidato.
260 _a[Jakarta]
_bPenerangan Angkatan Darat, Komando Gabungan Operasi Tegas
_c[1959]
300 _a39 p.
_b[s.n.]
_c[1959]
651 0 _aIndonesia
_xDefenses.
999 _c76828
_d76828